000 01445nam a22003617a 4500
003 CHAP
005 20220329134449.0
008 971013s1972 r 00010 d
010 _a20789
011 _a21761
035 _a25852
040 _cCHAP
082 _a630.72
_bA7Y
100 0 0 _aArnon, Isaac.
_97277
245 _aOrganización y administración de la investigación agrícola
260 _aTurrialba :
_bInstituto Interamericano de Ciencias Agrícolas,
_c1972
300 _a341 p
590 _aBATCH-UPD
_b10
_c20130110
_lUCH01
_h0235
590 _aBATCH-UPD
_b10
_c20130110
_lUCH01
_h2016
590 _aBATCH-UPD
_b10
_c20130410
_lUCH01
_h1335
590 _aBATCH-UPD
_b10
_c20140805
_lUCH01
_h1144
590 _aCONVERSION
_b10
_c20130109
_lUCH01
_h1312
650 1 4 _aAgricultura
_xInvestigación.
_91577
901 _aBK
942 _cLIBRO
949 _a630.72 A7Y
_bBC
_cLIBRO
_d33724000036711
_eLIBRO
_fc.7
_h44241
_i25852
_mD
_si
949 _a630.72 A7Y
_bBC
_cLIBRO
_d33724000036729
_eLIBRO
_h30616
_i25852
_mD
_si
949 _a630.72 A7Y
_bBC
_cLIBRO
_d33724000037404
_eLIBRO
_fc.6
_h30621
_i25852
_mD
_si
949 _a630.72 A7Y
_bBC
_cLIBRO
_d33724000037420
_eLIBRO
_fc.4
_h30619
_i25852
_mD
_si
949 _a630.72 A7Y
_bBC
_cLIBRO
_d33724000037438
_eLIBRO
_fc.3
_h30618
_i25852
_mD
_si
949 _a630.72 A7Y
_bBC
_cLIBRO
_d33724000037446
_eLIBRO
_fc.2
_h30617
_i25852
_mD
_si
949 _a630.72 A7Y
_bBC
_cLIBRO
_d33724000826376
_eLIBRO
_fc.5
_h30620
_i25852
_mD
_si
999 _c20789
_d20789